Marketing toolkit (Record no. 13927)
[ view plain ]
| 000 -LEADER | |
|---|---|
| fixed length control field | 00431nam a2200181Ia 4500 |
| 001 - CONTROL NUMBER | |
| control field | 13235 |
| 008 - FIXED-LENGTH DATA ELEMENTS--GENERAL INFORMATION | |
| fixed length control field | 140402s9999 xx 000 0 und d |
| 020 ## - INTERNATIONAL STANDARD BOOK NUMBER | |
| International Standard Book Number | 0-7506-3550-9 |
| 040 ## - CATALOGING SOURCE | |
| Transcribing agency | PK-LaUMT |
| 082 ## - DEWEY DECIMAL CLASSIFICATION NUMBER | |
| Classification number | 658.8 |
| Item number | BAX-M |
| 100 ## - MAIN ENTRY--PERSONAL NAME | |
| Personal name | Baxter, Alistair |
| 245 ## - TITLE STATEMENT | |
| Title | Marketing toolkit |
| Statement of responsibility, etc | Baxter, Alistair |
| 260 ## - PUBLICATION, DISTRIBUTION, ETC. (IMPRINT) | |
| Place of publication, distribution, etc | Oxford,UK: |
| Name of publisher, distributor, etc | Polity Press, |
| Date of publication, distribution, etc | 1997 |
| 300 ## - PHYSICAL DESCRIPTION | |
| Extent | 156 p. |
| 546 ## - LANGUAGE NOTE | |
| Language note | EN |
| 650 ## - SUBJECT ADDED ENTRY--TOPICAL TERM | |
| Topical term or geographic name as entry element | Marketing |
| 942 ## - ADDED ENTRY ELEMENTS (KOHA) | |
| Koha item type | Books |
| Withdrawn status | Lost status | Source of classification or shelving scheme | Damaged status | Not for loan | Home library | Current library | Date acquired | Total Checkouts | Full call number | Barcode | Date last seen | Price effective from | Koha item type |
|---|---|---|---|---|---|---|---|---|---|---|---|---|---|
| Dewey Decimal Classification | UMT Main Campus | UMT Main Campus | 2014-04-02 | 658.8 BAX-M | 15047 | 2014-04-21 | 2014-04-21 | Books | |||||
| Dewey Decimal Classification | UMT Main Campus | UMT Main Campus | 2014-06-09 | 658.8 BAX-M | 15048 | 2014-06-09 | 2014-06-09 | Books | |||||
| Dewey Decimal Classification | UMT Main Campus | UMT Main Campus | 2014-06-09 | 658.8 BAX-M | 15049 | 2014-06-09 | 2014-06-09 | Books |
